000 00790cam a22002173a 4500
001 42700
003 PGUSA
005 20140828083951.0
008 130512s2013||||xxu|||||s|||||000 | eng d
040 _aPGUSA
_beng
042 _adc
100 1 _aPlutarch,
_d46-119
245 1 0 _aΠλουτάρχου Βίοι Παράλληλοι - Τόμος 3 :
_bΑλκιβιάδης - Κοριολάνος - Τιμολέων - Αιμίλιος Παύλος - Πελοπίδας - Μάρκελλος
_h[electronic resource] /
_cPlutarch
260 _bProject Gutenberg,
_c2013
506 _aPublic domain in the USA.
516 _aElectronic text
700 1 _aRangavis, Alexandros,
_d1809-1892
830 0 _aProject Gutenberg
_v42700
856 4 0 _uhttp://www.gutenberg.org/ebooks/42700
942 _cEB
999 _c271952
_d271952